000
00256nam a2200097Ia 4500
001
683236
005
20250826161434.0
008
250824s9999 xx 000 0 und d
245
0
_a
KENDİNİ BİLEN RABBİNİ BİLİR
_c
UĞUR KOŞAR
260
_b
DESTEK YAYINLARI
999
_c
683236
_d
683236